000 00482nam a22001577a 4500
020 _a9788183910224
082 _aS 398.991 2
_bRAM/K
245 _aKahavatkosh Proverb dictionary:
_bsamanya, naithik evam upadeshatmak kahavateim (sanskrit, hindi tatha angrezi)/
_cby Raman R S (ed.)
260 _aDelhi:
_bNidhi Book Center,
_c2019.
300 _a444p.
650 _aSanskrit Proverb
650 _aProverb
650 _aSocial Sciences
700 _aRaman R S (ed.)
942 _cBK
999 _c173740
_d173740